Logo en Rouge 🔴 & Blanc ⚪️ - Statistiques

Statistiques générales
  • Ce quiz a Ă©tĂ© pris 5 052 fois
  • Le rĂ©sultat moyen est 6 sur 12
Statistiques - réponses
Par images Réponse % Correct
Coca Cola
100%
Free
81%
Kelloggs
64%
CNN
58%
Adobe
57%
SFR
52%
Virgin
47%
Colgate
37%
Vodafone
27%
Target
22%
Paris Match
12%
Mitsubishi
6%
Aucun quiz correspondant
Distribution des résultats
% des personnes avec chaque résultat
Percentile par nombre de réponses
Votre historique - résultats
Vous n’avez pas pris ce quiz